[Event "?"]
[Site "?"]
[Date "2016.08.14"]
[Round "5.3"]
[White "Gail, Edgar"]
[Black "Gnass, Arno"]
[Result "1-0"]
[WhiteElo "1688"]
[BlackElo "1782"]
[PlyCount "119"]
[EventDate "2016.??.??"]
[WhiteTeam "Klub Kölner SF"]
[BlackTeam "Bergische SF"]

1. e4 c6 2. d4 d5 3. Nc3 dxe4 4. Nxe4 Nd7 5. Bc4 e6 6. Nf3 Ngf6 7. Bg5 Be7 8.
Nxf6+ Nxf6 9. O-O O-O 10. Re1 Qb6 11. Bb3 h6 12. Bh4 Re8 13. c4 a5 14. d5 Rd8
15. Qe2 a4 16. Bc2 cxd5 17. Bxf6 Bxf6 18. cxd5 a3 19. Qe4 axb2 20. Qh7+ Kf8 21.
Rab1 Rxd5 22. Bb3 Rd8 23. Ne5 Qc5 24. Nc4 Ra6 25. Nxb2 Rd2 26. Nd3 Qf5 27. Qh8+
Ke7 28. Qxc8 Qxd3 29. Qxb7+ Ke8 30. Qc8+ Bd8 31. Rbd1 Rd6 32. Ba4+ Ke7 33. Qb7+
Kf6 34. Qb1 Qd4 35. Rxd2 Qxd2 36. Rd1 Qf4 37. g3 Rxd1+ 38. Qxd1 Qc7 39. Qf3+
Ke7 40. Bb3 Qe5 41. Qb7+ Bc7 42. Qb4+ Bd6 43. Qb7+ Bc7 44. Qb4+ Kf6 45. Qh4+
Kg6 46. Bc2+ f5 47. g4 Qe2 48. gxf5+ exf5 49. Bb3 Be5 50. Qc4 Qe1+ 51. Kg2 Kg5
52. h3 f4 53. Qd5 Kh4 54. Qf3 h5 55. Bf7 Kg5 56. Qxh5+ Kf6 57. Qg6+ Ke7 58.
Qe6+ Kd8 59. Qb6+ Kc8 60. Be6# 1-0

[Event "?"]
[Site "?"]
[Date "2016.08.14"]
[Round "5.4"]
[White "Thierkopf, Constantin"]
[Black "Sewald, Jörg"]
[Result "1-0"]
[WhiteElo "1619"]
[BlackElo "1568"]
[PlyCount "117"]
[EventDate "2016.??.??"]
[WhiteTeam "Brühler SK"]
[BlackTeam "SF Esch"]

1. e4 b6 2. d4 g6 3. Bc4 e6 4. Nf3 h6 5. O-O Bb7 6. Re1 d6 7. d5 e5 8. Bd3 a6
9. c4 Nd7 10. b4 Bg7 11. Be3 Ne7 12. Qc2 g5 13. c5 bxc5 14. bxc5 dxc5 15. Bxc5
Ng6 16. Na3 Nxc5 17. Qxc5 Bf8 18. Qc3 f6 19. Rab1 Qc8 20. Bc2 Bxa3 21. Qxa3 Ne7
22. Ba4+ Kf7 23. Qb3 Bxd5 24. exd5 Kg7 25. Qc4 Rd8 26. Rbd1 Ng6 27. Qd3 Nf4 28.
Qe4 Qg4 29. g3 Rab8 30. Bb3 Rb4 31. Qe3 e4 32. Nd4 Nxd5 33. Qxe4 Qxe4 34. Rxe4
Kg6 35. Nc6 Rxe4 36. Nxd8 Nc3 37. Bc2 Nxd1 38. Bxe4+ f5 39. Bd5 Nc3 40. Bc4 Kf6
41. Ne6 c6 42. Nd4 c5 43. Ne2 Na4 44. Bxa6 Ke5 45. Bb5 Nb6 46. a4 Kd6 47. Kf1
Na8 48. Ke1 Nc7 49. Kd2 Ke5 50. Bc4 Na8 51. a5 Nc7 52. Ke3 Na8 53. a6 Nb6 54.
Bb5 Kd6 55. Nc3 Nc8 56. Bd3 Ke5 57. Nb5 Nb6 58. a7 c4 59. Bc2 1-0

[Event "?"]
[Site "?"]
[Date "2016.08.14"]
[Round "5.5"]
[White "Kogan, Gabriel"]
[Black "Kürten, Lothar"]
[Result "0-1"]
[WhiteElo "1354"]
[BlackElo "1635"]
[PlyCount "42"]
[EventDate "2016.??.??"]
[WhiteTeam "SG Porz"]
[BlackTeam "SF Köln-Longerich"]

1. e4 e6 2. d4 d5 3. e5 c5 4. c3 Qb6 5. Nf3 Nc6 6. a3 Bd7 7. b4 cxd4 8. cxd4
Nge7 9. Bb2 Nf5 10. g3 Be7 11. Bh3 O-O 12. O-O a5 13. Bxf5 exf5 14. Qb3 axb4
15. Qxd5 Be6 16. Qxe6 fxe6 17. Rd1 bxa3 18. Bxa3 Bxa3 19. Rxa3 Rxa3 20. Nxa3
Qb3 21. Ra1 Qxf3 0-1

[Event "?"]
[Site "?"]
[Date "2016.08.14"]
[Round "5.6"]
[White "Ipekyilmaz, Tayfun"]
[Black "Radovinski, Jewgeni"]
[Result "1-0"]
[WhiteElo "1700"]
[BlackElo "1487"]
[PlyCount "139"]
[EventDate "2016.??.??"]
[WhiteTeam "Langenfelder SF"]
[BlackTeam "SG Porz"]

1. e4 e5 2. f4 d5 3. exd5 e4 4. Bb5+ Bd7 5. Qe2 Nf6 6. Nc3 Qe7 7. d3 Bxb5 8.
Nxb5 a6 9. Nc3 exd3 10. cxd3 Qxe2+ 11. Ngxe2 Bb4 12. O-O O-O 13. Be3 Rd8 14.
Rac1 Nbd7 15. a3 Bd6 16. Ng3 Bc5 17. d4 Ba7 18. Kh1 Nb6 19. f5 Nbxd5 20. Bg1 c6
21. Nge4 Bb8 22. Nxd5 Nxd5 23. Nc5 b6 24. Nb7 Rc8 25. Rfe1 f6 26. Re6 Ra7 27.
Nd6 Bxd6 28. Rxd6 Rac7 29. g3 Kf7 30. Re6 g6 31. g4 Nf4 32. Re4 Nd5 33. Bf2 Re7
34. fxg6+ hxg6 35. Rxe7+ Kxe7 36. Bg3 Kd7 37. Kg2 Ne3+ 38. Kf3 Nd5 39. h4 Re8
40. Re1 Rxe1 41. Bxe1 Ke6 42. Bd2 f5 43. g5 Ne7 44. Bc3 a5 45. Kf4 Nd5+ 46. Kf3
Ne7 47. Kf4 Kd5 48. Ke3 Kc4 49. Kf4 Kd5 50. Ke3 Kc4 51. Kf4 Nd5+ 52. Ke5 f4 53.
Ke4 a4 54. Kf3 c5 55. dxc5 bxc5 56. h5 gxh5 57. g6 Ne7 58. g7 Kd5 59. Kxf4 h4
60. Kg4 Ke6 61. Kxh4 Kf7 62. Kg5 Nd5 63. Kf5 Ne3+ 64. Ke4 Nd1 65. Kd5 Nf2 66.
Kxc5 Ne4+ 67. Kb5 Nxc3+ 68. bxc3 Kxg7 69. Kc6 Kf6 70. Kd6 1-0

[Event "?"]
[Site "?"]
[Date "2016.08.14"]
[Round "5.7"]
[White "Havenith, Michael"]
[Black "Lin, David"]
[Result "1-0"]
[WhiteElo "1630"]
[BlackElo "1401"]
[PlyCount "67"]
[EventDate "2016.??.??"]
[WhiteTeam "SV Würselen"]
[BlackTeam "Klub Kölner SF"]

1. c4 Nf6 2. Nc3 g6 3. Nf3 Bg7 4. g3 d6 5. Bg2 O-O 6. O-O e5 7. d3 Nbd7 8. Bd2
Nh5 9. Bg5 f6 10. Bd2 f5 11. b4 f4 12. Qb3 Kh8 13. Ne4 h6 14. Bc3 Nhf6 15. Nh4
Kh7 16. d4 Qe8 17. dxe5 dxe5 18. Qc2 Nb6 19. Bb2 c6 20. Nd6 Qe6 21. Nxg6 Qxd6
22. Nxf8+ Kg8 23. Ng6 Nbd7 24. Rad1 Qc7 25. Qd2 b6 26. gxf4 exf4 27. Nxf4 Ba6
28. b5 cxb5 29. Bxa8 bxc4 30. Ne6 Qc8 31. Nxg7 Kxg7 32. Qxd7+ Qxd7 33. Rxd7+
Kg6 34. Rd6 1-0

[Event "?"]
[Site "?"]
[Date "2016.08.14"]
[Round "5.8"]
[White "Thierkopf, Guido"]
[Black "Meyer zu Kniendorf, Jochen"]
[Result "0-1"]
[WhiteElo "1735"]
[BlackElo "1701"]
[PlyCount "24"]
[EventDate "2016.??.??"]
[WhiteTeam "Brühler SK"]
[BlackTeam "Düsseldorfer SK"]

1. e4 g6 2. d4 Bg7 3. Nf3 d6 4. Be3 Nd7 5. Nc3 a6 6. Be2 b5 7. a3 Bb7 8. O-O
Ngf6 9. d5 O-O 10. Qd2 Ng4 11. Bd4 Bh6 12. Qd1 e5 0-1

[Event "?"]
[Site "?"]
[Date "2016.08.14"]
[Round "5.9"]
[White "Ipekyilmaz, Mert"]
[Black "Hoferichter, Michael"]
[Result "1/2-1/2"]
[WhiteElo "1489"]
[BlackElo "1569"]
[PlyCount "36"]
[EventDate "2016.??.??"]
[WhiteTeam "Langenfelder SF"]
[BlackTeam "Klub Kölner SF"]

1. e4 b6 2. Nc3 Bb7 3. Bc4 e6 4. d3 Bb4 5. Bd2 Ba6 6. Bxa6 Nxa6 7. a3 Be7 8.
Nf3 d6 9. O-O Nf6 10. Re1 e5 11. Bg5 O-O 12. Bxf6 Bxf6 13. Nd5 c6 14. Nxf6+
Qxf6 15. d4 Nc7 16. dxe5 dxe5 17. Qe2 Ne6 18. Rad1 Rad8 1/2-1/2

[Event "?"]
[Site "?"]
[Date "2016.08.14"]
[Round "5.10"]
[White "Lehmann, Thomas"]
[Black "Zilberman, Rodion"]
[Result "0-1"]
[WhiteElo "1297"]
[BlackElo "1922"]
[PlyCount "64"]
[EventDate "2016.??.??"]
[WhiteTeam "SV Sindorf"]
[BlackTeam "SF Köln-Longerich"]

1. d4 Nf6 2. c4 g6 3. Nc3 Bg7 4. e4 d6 5. Bd3 O-O 6. Nge2 Nc6 7. a3 e5 8. d5
Ne7 9. O-O Nh5 10. Qc2 f5 11. f3 f4 12. b4 g5 13. Bb2 g4 14. c5 Ng6 15. cxd6
cxd6 16. Nb5 g3 17. Qc7 gxh2+ 18. Kh1 Qg5 19. Nxd6 Nh4 20. Rf2 Ng3+ 21. Nxg3
fxg3 22. Bc1 Qg6 23. Nf5 Nxf5 24. exf5 Bxf5 25. Bxf5 gxf2 26. Bxg6 f1=Q+ 27.
Kxh2 Rac8 28. Bf7+ Kh8 29. Qe7 Rxc1 30. Rxc1 Qxc1 31. d6 Qf4+ 32. Kg1 Qxf7 0-1

[Event "?"]
[Site "?"]
[Date "2016.08.14"]
[Round "5.11"]
[White "Sewald, Richard"]
[Black "Reiter, Ute"]
[Result "1-0"]
[WhiteElo "1736"]
[BlackElo "1059"]
[PlyCount "63"]
[EventDate "2016.??.??"]
[WhiteTeam "SG Porz"]
[BlackTeam "Brühler SK"]

1. Nf3 Nc6 2. d3 d5 3. g3 e6 4. Bg2 b6 5. Nc3 Bb7 6. O-O Bd6 7. e4 d4 8. Ne2 e5
9. Nd2 Qd7 10. Nc4 O-O-O 11. Nxd6+ Qxd6 12. f4 g6 13. fxe5 Nxe5 14. Bf4 f6 15.
a4 a6 16. Qd2 Qc6 17. Bxe5 fxe5 18. b4 Qd6 19. Nc1 Ne7 20. Bh3+ Kb8 21. Nb3 h6
22. b5 c5 23. bxc6 Qxc6 24. a5 b5 25. Rf7 Qd6 26. Raf1 g5 27. R1f6 Qc7 28. Qb4
Nc6 29. Qc5 Rd6 30. Rxc7 Rxf6 31. Qb6 Nd8 32. Rc8# 1-0

[Event "?"]
[Site "?"]
[Date "2016.08.14"]
[Round "5.12"]
[White "Kuckert, Kai"]
[Black "Michels, Fabio"]
[Result "1/2-1/2"]
[WhiteElo "1235"]
[BlackElo "1824"]
[PlyCount "40"]
[EventDate "2016.??.??"]
[WhiteTeam "Fideler Bauer Leverkusen"]
[BlackTeam "SG Mörsdorf-Lahr"]

1. e4 c5 2. Nf3 Nc6 3. d4 cxd4 4. Nxd4 d6 5. Nc3 g6 6. Be3 Bg7 7. f3 Nf6 8. Qd2
Bd7 9. Bc4 Qc7 10. Bb3 a6 11. Nde2 e6 12. O-O-O b5 13. Qxd6 Qxd6 14. Rxd6 O-O
15. Bg5 Rfd8 16. Rhd1 Ra7 17. Rxc6 h6 18. Bxf6 Bxf6 19. Rcd6 Kg7 20. Rb6 Rc8
1/2-1/2

[Event "?"]
[Site "?"]
[Date "2016.08.14"]
[Round "5.13"]
[White "Scheffler, Jürgen"]
[Black "Stüwe, Holger"]
[Result "1-0"]
[WhiteElo "1502"]
[BlackElo "1550"]
[PlyCount "37"]
[EventDate "2016.??.??"]
[WhiteTeam "SC Prüm"]

1. d4 Nf6 2. c4 e6 3. Nc3 Bb4 4. Qc2 Nc6 5. Nf3 d6 6. a3 Bxc3+ 7. Qxc3 a5 8.
Bg5 h6 9. Bh4 O-O 10. e3 Qe7 11. Bd3 e5 12. dxe5 dxe5 13. Nd2 Re8 14. Bc2 a4
15. O-O g5 16. Bg3 e4 17. h3 Bf5 18. Rad1 Qc5 19. Qxf6 1-0

[Event "?"]
[Site "?"]
[Date "2016.08.14"]
[Round "5.14"]
[White "Hirsch, Reinhard"]
[Black "Beißel, Daniel"]
[Result "0-1"]
[WhiteElo "1155"]
[BlackElo "1534"]
[PlyCount "94"]
[EventDate "2016.??.??"]
[WhiteTeam "SK Köln-Worringen"]
[BlackTeam "SV Horrem"]

1. e4 c5 2. Nf3 Nc6 3. d4 cxd4 4. Nxd4 e6 5. Nc3 Nf6 6. f4 Bb4 7. Bd2 Nxd4 8.
e5 Ng8 9. Ne4 Be7 10. Be3 Nc6 11. Be2 f5 12. Nd6+ Bxd6 13. Qxd6 Qe7 14. O-O-O
Qxd6 15. Rxd6 Nh6 16. h3 Nf7 17. Rd3 b6 18. g4 Ba6 19. Rd2 Bxe2 20. Rxe2 Nh6
21. g5 Nf7 22. Rd1 O-O-O 23. Red2 Kc7 24. a3 d6 25. exd6+ Rxd6 26. c4 Rhd8 27.
c5 Rxd2 28. cxb6+ axb6 29. Bxd2 Nd6 30. Bc3 g6 31. Bf6 Rd7 32. Rd3 Ne4 33. Kc2
Rxd3 34. Kxd3 Kd6 35. Kc4 Kc7 36. b4 Nd6+ 37. Kd3 b5 38. h4 Nc8 39. Kc3 Nb6 40.
Kb3 Kd6 41. Bb2 Kd5 42. Bc1 Nd4+ 43. Ka2 Ke4 44. Bb2 Na4 45. Bc1 Ne2 46. Bd2
Nxf4 47. Kb3 Ng2 0-1

[Event "?"]
[Site "?"]
[Date "2016.08.14"]
[Round "5.15"]
[White "Maric, Anton"]
[Black "Kolbasnikov, Igor"]
[Result "1/2-1/2"]
[WhiteElo "1116"]
[BlackElo "1475"]
[PlyCount "42"]
[EventDate "2016.??.??"]
[WhiteTeam "Klub Kölner SF"]
[BlackTeam "SF Köln-Longerich"]

1. e4 e5 2. f4 d5 3. exd5 e4 4. Nc3 Nf6 5. Nge2 Bc5 6. d4 exd3 7. cxd3 O-O 8.
d4 Bb4 9. Ng3 Nxd5 10. Bd2 Bxc3 11. bxc3 Re8+ 12. Be2 Bg4 13. O-O Bxe2 14. Nxe2
Ne3 15. Bxe3 Rxe3 16. Qd2 Re7 17. Ng3 g6 18. f5 Nd7 19. Qh6 Qf8 20. Qg5 f6 21.
Qg4 Rg7 1/2-1/2

[Event "?"]
[Site "?"]
[Date "2016.08.14"]
[Round "5.18"]
[White "Yu, Moyi"]
[Black "Hingst, Dieter Max Otto"]
[Result "1-0"]
[WhiteElo "983"]
[BlackElo "976"]
[PlyCount "66"]
[EventDate "2016.??.??"]
[WhiteTeam "Klub Kölner SF"]
[BlackTeam "Brühler SK"]

1. e4 e5 2. Nf3 Nc6 3. d4 Nxd4 4. Nxd4 exd4 5. Qxd4 c5 6. Qc3 Nf6 7. Nd2 a6 8.
Bd3 b5 9. a3 d5 10. exd5 Qe7+ 11. Be2 Nxd5 12. Qg3 Bf5 13. c4 Nc7 14. cxb5 Nxb5
15. Qf3 Rd8 16. Qxf5 Nd4 17. Qg4 Nc2+ 18. Kf1 Nxa1 19. Qa4+ Qd7 20. Qe4+ Be7
21. Bxa6 Nc2 22. Qxc2 O-O 23. Qe4 Bg5 24. f4 Rfe8 25. Qf3 Qe7 26. Kf2 Qe2+ 27.
Bxe2 Rxe2+ 28. Qxe2 Bxf4 29. a4 h5 30. a5 Rd6 31. a6 Rf6 32. Qe8+ Kh7 33. Kf3
Be5+ 1-0

[Event "?"]
[Site "?"]
[Date "2016.08.14"]
[Round "5.19"]
[White "Hennicken, Arnold"]
[Black "Thodeme, Tuhin Reddi"]
[Result "1-0"]
[WhiteElo "1407"]
[BlackElo "975"]
[PlyCount "79"]
[EventDate "2016.??.??"]
[WhiteTeam "SF Esch"]
[BlackTeam "SK Köln-Worringen"]

1. d4 e6 2. c4 Nf6 3. Nc3 b6 4. Bg5 h6 5. Bh4 Bb7 6. e3 Be7 7. Nf3 O-O 8. Be2
d5 9. O-O c5 10. Rc1 Nbd7 11. h3 Re8 12. Bg3 cxd4 13. Nxd4 dxc4 14. Bxc4 Nc5
15. Bb5 Rf8 16. Bc6 Bxc6 17. Nxc6 Qe8 18. Nxe7+ Qxe7 19. Bd6 Qb7 20. Bxf8 Rxf8
21. f3 Qb8 22. b4 Rd8 23. Qe2 Nd3 24. Rb1 Qc8 25. Nb5 Qb7 26. Rfd1 Qd7 27. Nd4
Ne5 28. Rbc1 Qa4 29. Qb2 Ng6 30. Qb3 Qa6 31. b5 Qb7 32. Nc6 Rxd1+ 33. Rxd1 Nd5
34. g3 a5 35. Kf2 Nge7 36. Nxe7+ Qxe7 37. Rc1 Nb4 38. a3 a4 39. Qxb4 Qf6 40.
Qc3 1-0

[Event "?"]
[Site "?"]
[Date "2016.08.14"]
[Round "5.20"]
[White "Schülgen, Severin"]
[Black "Baltic, Sara"]
[Result "0-1"]
[WhiteElo "927"]
[BlackElo "1133"]
[PlyCount "40"]
[EventDate "2016.??.??"]
[WhiteTeam "SK Köln-Worringen"]
[BlackTeam "SG Bochum"]

1. e4 e6 2. Nf3 d5 3. Nc3 Bb4 4. Bb5+ c6 5. Ba4 Bd7 6. a3 Bxc3 7. bxc3 dxe4 8.
Ne5 Qc7 9. d3 Qxe5 10. dxe4 Qxe4+ 11. Be3 Qxa4 12. Bd4 Nf6 13. Qb1 Qb5 14. Qc1
O-O 15. Rb1 Qa6 16. Qg5 h6 17. Qg3 e5 18. Bxe5 Re8 19. f4 Bg4 20. h3 Qe2# 0-1

[Event "?"]
[Site "?"]
[Date "2016.08.14"]
[Round "5.23"]
[White "Kees, Niclas"]
[Black "Karakoc, Pascal"]
[Result "0-1"]
[WhiteElo "868"]
[BlackElo "889"]
[PlyCount "92"]
[EventDate "2016.??.??"]
[WhiteTeam "SK Köln-Worringen"]
[BlackTeam "SK Köln-Worringen"]

1. e4 e5 2. Nf3 Nc6 3. Bb5 a6 4. Bxc6 dxc6 5. d4 Bg4 6. Qd3 Bxf3 7. Qxf3 exd4
8. O-O Nf6 9. Qf5 Bd6 10. Bg5 Qe7 11. Re1 Be5 12. c3 g6 13. Qh3 Rd8 14. Qh6 Rd6
15. Qg7 Qf8 16. Qxf8+ Rxf8 17. Bh6 Rg8 18. Nd2 dxc3 19. Nc4 Re6 20. Rad1 cxb2
21. Rb1 Ng4 22. Nxe5 Rxe5 23. Rxb2 Nxh6 24. Rd1 Rxe4 25. Rbd2 Kf8 26. f3 Ra4
27. h4 Rxh4 28. g3 Ra4 29. f4 b5 30. Kf2 Ng4+ 31. Kf3 Nf6 32. f5 gxf5 33. Rg2
Nh5 34. g4 Ra3+ 35. Kf2 fxg4 36. Rd8+ Ke7 37. Rxg8 c5 38. R2xg4 Nf6 39. R8g5
Nxg4+ 40. Rxg4 Rxa2+ 41. Kg3 b4 42. Re4+ Kd6 43. Kf4 b3 44. Kf5 b2 45. Re2
b1=Q+ 46. Kf6 Rxe2 0-1